Veilige tuiskoms by jou (Record no. 779408)

MARC details
000 -LEADER
fixed length control field 00540nam a22002057a 4500
003 - CONTROL NUMBER IDENTIFIER
control field 3228
005 - DATE AND TIME OF LATEST TRANSACTION
control field 20250709110825.0
008 - FIXED-LENGTH DATA ELEMENTS--GENERAL INFORMATION
fixed length control field 250709b sa ||||| |||| 00| 0 afr d
020 ## - INTERNATIONAL STANDARD BOOK NUMBER
International Standard Book Number <a href="9781776351657">9781776351657</a>
040 ## - CATALOGING SOURCE
Original cataloging agency RDA
Transcribing agency 3228
041 ## - LANGUAGE CODE
Language Afrikaans
082 ## - DEWEY DECIMAL CLASSIFICATION NUMBER
-- 23
Classification number AF SCHM
942 ## - ADDED ENTRY ELEMENTS
Creator ID 375
Creator Name Rosinah Mosako
Modifier ID 375
Modifier Name Rosinah Mosako
100 ## - MAIN ENTRY--PERSONAL NAME
Personal name Schmidt, Magda
245 ## - TITLE STATEMENT
Title Veilige tuiskoms by jou
Statement of responsibility, etc. Magda Schmidt
250 ## - EDITION STATEMENT
Edition statement Eerste uitgawe.
260 ## - PUBLICATION, DISTRIBUTION, ETC.
Place of publication, distribution, etc. Midrand :
Name of publisher, distributor, etc. Lapa uitgewers,
Date of publication, distribution, etc. , 2022.
300 ## - PHYSICAL DESCRIPTION
Extent 205 pages ;
Dimensions 17 cm.
650 ## - SUBJECT ADDED ENTRY--TOPICAL TERM
Topical term or geographic name entry element Romance fiction
9 (RLIN) 180302
942 ## - ADDED ENTRY ELEMENTS
Source of classification or shelving scheme Dewey Decimal Classification
item type Book
Holdings
Withdrawn status Lost status Source of classification or shelving scheme Damaged status Not for loan Collection code Home library Current library Shelving location Date acquired Total Checkouts Full call number Barcode Date last seen Date last checked out Price effective from item type
    Dewey Decimal Classification     Fiction Thistle Grove Thistle Grove Fiction 09.07.2025 1 AF SCHM 085710 22.06.2026 09.06.2026 09.07.2025 Book